000 00542nam a2200169 a 4500
005 20140412111316.0
008 010321s19uu xx 00 eng d
020 _a0-14-050853-8
050 _aM 808.3
_bW853 1985
100 _aWolf, Ahsley
245 _aOnly the cat saw /
_cAshley Wolf.
260 _aNew York :
_bPicture Puffin,
_c1985.
300 _a1 v. (unp.) ; ill.
520 _aAs the day ends and Amy's family settles down for the night, the cat wakes up ready to explore . . .
650 _aChildren's stories
999 _c104235
_d104235